Countries by Most Battle Deaths on each Continent - Statistics

General Stats
  • This quiz has been taken 14 times
  • The average score is 14 of 20
Answer Stats
Answer % Correct
China
100%
Russia
93%
Ethiopia
86%
Korea (North + South)
86%
Peru
86%
Algeria
79%
Colombia
79%
Vietnam
79%
Angola
71%
Bosnia and Herzegovina
71%
Guatemala
71%
Serbia
71%
Afghanistan
57%
Cambodia
57%
El Salvador
57%
Greece
57%
Nicaragua
57%
Mozambique
43%
Cameroon
29%
Azerbaijan
21%
No matching quizzes found
Score Distribution
Percent of People with Each Score
Percentile by Number Answered
Your Score History
You have not taken this quiz